Εισαγωγή στην προσχολική παιδαγωγική
Αποθηκεύτηκε σε:
| Κύριος συγγραφέας: | |
|---|---|
| Μορφή: | Βιβλίο |
| Γλώσσα: | Greek |
| Δημοσίευση: |
Αθήνα :
Παπαζήση,
1991
|
| Έκδοση: | 2η εκδ. |
| Θέματα: | |
| Ετικέτες: |
Προσθήκη ετικέτας
Δεν υπάρχουν, Καταχωρήστε ετικέτα πρώτοι!
|
MARC
| LEADER | 00000cam a2200000 i 4500 | ||
|---|---|---|---|
| 001 | 1/76996 | ||
| 008 | 970212s1991 gre d | ||
| 035 | |a 1993 |b 1 |c Δωρεά |l 10032552 | ||
| 035 | |a 1995 |b 1 |c Δωρεά | ||
| 040 | |a GR-MY-UA |b gre |e aacr | ||
| 041 | 0 | |a gre | |
| 082 | 0 | |a 372.21 | |
| 100 | 1 | |a Κιτσαράς, Γεώργιος Δ. | |
| 245 | 1 | 0 | |a Εισαγωγή στην προσχολική παιδαγωγική / |c Γεώργιος Δ. Κιτσαράς |
| 250 | |a 2η εκδ. | ||
| 260 | |a Αθήνα : |b Παπαζήση, |c 1991 | ||
| 300 | |a 210 σ. | ||
| 650 | 0 | 0 | |a Preschool children. |
| 650 | 0 | 0 | |a Education, Preschool |z Greece. |
| 852 | |a INST |b RHODES |e 19970225 |h 372.21 ΚΙΤ |p 005400007523 |q 005400007523 |t BK |y 0 | ||
| 852 | |a INST |b RHODES |e 19970212 |h 372.21 ΚΙΤ |p 005400010539 |q 005400010539 |t BK |y 0 | ||
| 852 | |a INST |b RHODES |e 19970212 |h 372.21 ΚΙΤ |p 005400010540 |q 005400010540 |t BK |y 0 | ||
| 852 | |a INST |b RHODES |e 19970212 |h 372.21 ΚΙΤ |p 005400010541 |q 005400010541 |t BK |y 0 | ||
| 852 | |a INST |b RHODES |e 19970212 |h 372.21 ΚΙΤ |p 005400010542 |q 005400010542 |t BK |y 0 | ||
| 852 | |a INST |b RHODES |e 19970212 |h 372.21 ΚΙΤ |p 005400010543 |q 005400010543 |t BK |y 0 | ||
| 852 | |a INST |b SYROS |e 20010118 |h 372.21 ΚΙΤ |p 005500001785 |q 005500001785 |t BK |y 0 | ||
| 901 | |a BIBL5-2001-1 | ||
| 909 | |a Ρ |b 024721 |c 1993 | ||
| 909 | |a Ρ |b 024722 |c 1993 | ||
| 909 | |a Ρ |b 024723 |c 1993 | ||
| 909 | |a Ρ |b 024724 |c 1993 | ||
| 909 | |a Ρ |b 024725 |c 1993 | ||
| 909 | |a Ρ |b 028407 |c 1995 | ||
| 909 | |a Ε |b 084155 | ||
| 970 | |z 2000/06/ΟΙΚΟΝΟΜΟΠΟΥΛΟΥ (SUBJECT) | ||